Physics of the life sciences / (Record no. 366)

000 -LEADER
fixed length control field 01131nam a22003857a 4500
001 - CONTROL NUMBER
control field 15302882
003 - CONTROL NUMBER IDENTIFIER
control field OSt
005 - DATE AND TIME OF LATEST TRANSACTION
control field 20210419093847.0
008 - FIXED-LENGTH DATA ELEMENTS--GENERAL INFORMATION
fixed length control field 080522s2008 nyua 001 0 eng
010 ## - LIBRARY OF CONGRESS CONTROL NUMBER
LC control number 2008929543
015 ## - NATIONAL BIBLIOGRAPHY NUMBER
National bibliography number GBA870616
Source bnb
016 7# - NATIONAL BIBLIOGRAPHIC AGENCY CONTROL NUMBER
Record control number 014626684
Source Uk
020 ## - INTERNATIONAL STANDARD BOOK NUMBER
International Standard Book Number 9780387772585 (hbk.)
020 ## - INTERNATIONAL STANDARD BOOK NUMBER
International Standard Book Number 0387772588 (hbk.)
035 ## - SYSTEM CONTROL NUMBER
System control number (OCoLC)ocn227032765
040 ## - CATALOGING SOURCE
Original cataloging agency UKM
Transcribing agency UKM
Modifying agency BTCTA
-- BAKER
-- YDXCP
-- BWX
-- OCLCQ
-- DLC
041 ## - LANGUAGE CODE
Language code of text/sound track or separate title eng
042 ## - AUTHENTICATION CODE
Authentication code lccopycat
050 00 - LIBRARY OF CONGRESS CALL NUMBER
Classification number QH505
Item number .N45 2008
080 ## - UNIVERSAL DECIMAL CLASSIFICATION NUMBER
Universal Decimal Classification number 53
Item number N-53
082 04 - DEWEY DECIMAL CLASSIFICATION NUMBER
Classification number 571.4
Edition number 22
100 1# - MAIN ENTRY--PERSONAL NAME
Personal name Newman, Jay,
Dates associated with a name 1946-
245 10 - TITLE STATEMENT
Title Physics of the life sciences /
Statement of responsibility, etc. Jay Newman.
260 ## - PUBLICATION, DISTRIBUTION, ETC.
Place of publication, distribution, etc. New York :
Name of publisher, distributor, etc. Springer,
Date of publication, distribution, etc. c2008.
300 ## - PHYSICAL DESCRIPTION
Extent xvii, 720 p. :
Other physical details ill. (some col.) ;
Dimensions 29 cm.
365 ## - TRADE PRICE
Price amount 5.99 usd
500 ## - GENERAL NOTE
General note Includes index.
650 #0 - SUBJECT ADDED ENTRY--TOPICAL TERM
Topical term or geographic name entry element Biophysics.
650 #0 - SUBJECT ADDED ENTRY--TOPICAL TERM
Topical term or geographic name entry element Physics
9 (RLIN) 261
653 ## - INDEX TERM--UNCONTROLLED
Uncontrolled term ფიზიკა
653 ## - INDEX TERM--UNCONTROLLED
Uncontrolled term ბიოფიზიკა
906 ## - LOCAL DATA ELEMENT F, LDF (RLIN)
a 7
b cbc
c copycat
d 2
e ncip
f 20
g y-gencatlg
942 ## - ADDED ENTRY ELEMENTS (KOHA)
Source of classification or shelving scheme
Koha item type Books
Holdings
Withdrawn status Lost status Source of classification or shelving scheme Damaged status Not for loan Permanent location Current location Date acquired Inventory number Total Checkouts Full call number Barcode Date last seen Price effective from Koha item type
          Ken Walker International University Ken Walker International University 11/21/2020 2083   53 N-53 2083 11/21/2020 11/21/2020 Books
          Ken Walker International University Ken Walker International University 11/21/2020 1153   53 N-53 1153 11/21/2020 11/21/2020 Books

Powered by Koha